Colton's traveler and tourist's guide-book through the western states and territories, (Record no. 52376)

MARC details
000 -LEADER
fixed length control field 01292cam a22002651 4500
001 - CONTROL NUMBER
control field rc 01002692
003 - CONTROL NUMBER IDENTIFIER
control field DLC
005 - DATE AND TIME OF LATEST TRANSACTION
control field 20260227111907.0
008 - FIXED-LENGTH DATA ELEMENTS--GENERAL INFORMATION
fixed length control field 800515s1855 nyub 000 0 eng
010 ## - LIBRARY OF CONGRESS CONTROL NUMBER
LC control number rc 01002692
035 ## - SYSTEM CONTROL NUMBER
System control number (OCoLC)6320975
040 ## - CATALOGING SOURCE
Original cataloging agency DLC
Transcribing agency InU
Modifying agency InHi
-- DLC
043 ## - GEOGRAPHIC AREA CODE
Geographic area code n-us---
050 00 - LIBRARY OF CONGRESS CALL NUMBER
Classification number F597
Item number .C724
100 1# - MAIN ENTRY--PERSONAL NAME
Personal name Colton, J. H.
Fuller form of name (Joseph Hutchins),
Dates associated with a name 1800-1893.
245 09 - TITLE STATEMENT
Title Colton's traveler and tourist's guide-book through the western states and territories,
Remainder of title containing brief descriptions of each, with the routes and distances on the great lines of travel. Accompanied by a map, exhibiting the township lines of the U. S. surveys, the boundaries of counties, position of cities, villages, settlements, etc.
260 ## - PUBLICATION, DISTRIBUTION, ETC.
Place of publication, distribution, etc. New York,
Name of publisher, distributor, etc. J. H. Colton and company,
Date of publication, distribution, etc. 1855.
300 ## - PHYSICAL DESCRIPTION
Extent 99, [1] p.
Other physical details fold. map.
Dimensions 16 cm.
500 ## - GENERAL NOTE
General note Imperfect: map wanting.
500 ## - GENERAL NOTE
General note Includes the states of Ohio, Michigan, Indiana, Illinois, Missouri, Iowa and Wisconsin, and the territories of Minnesota, Kansas and Nebraska.
500 ## - GENERAL NOTE
General note Based in part upon an earlier work: The western tourist, or Emigrant's guide, New York, 1844.
651 #0 - SUBJECT ADDED ENTRY--GEOGRAPHIC NAME
Geographic name Northwest, Old
Form subdivision Guidebooks.
651 #0 - SUBJECT ADDED ENTRY--GEOGRAPHIC NAME
Geographic name Mississippi River Valley
Form subdivision Guidebooks.
700 1# - ADDED ENTRY--PERSONAL NAME
Personal name Smith, John Calvin.

No items available.

Powered by Koha